000
00203 a2200097 4500
001
14038
100
_a
Tennyson
245
_a
Idylls of the king
260
_a
London
_b
Macmillan
_c
090
_c
10995
_d
10995
942
_a
NUST-CAE
_c
M
_c
1108
999
_c
249111
_d
249111